Speech, Memory and Meaning (Record no. 622575)

MARC details
000 -LEADER
fixed length control field 00507nam a22001817a 4500
008 - FIXED-LENGTH DATA ELEMENTS--GENERAL INFORMATION
fixed length control field 260505b |||||||| |||| 00| 0 eng d
020 ## - INTERNATIONAL STANDARD BOOK NUMBER
ISBN 9783110219104
Paper back/Hardbound hbk
041 ## - LANGUAGE CODE
Language code of text/sound track or separate title eng
082 ## - DEWEY DECIMAL CLASSIFICATION NUMBER
Classification number 410.1 GAS
100 ## - MAIN ENTRY--AUTHOR NAME
Personal name Gasparov, Boris
245 ## - TITLE STATEMENT
Title Speech, Memory and Meaning
Sub Title Intertextuality in Everyday Language
Statement of responsibility, etc Boris Gasparov
260 ## - PUBLICATION, DISTRIBUTION, ETC. (IMPRINT)
Place of publication Berlin
Name of publisher De Gruyter Mouton
Year of publication 2010
300 ## - PHYSICAL DESCRIPTION
Number of Pages 309p. :
Dimensions 25cm
504 ## - BIBLIOGRAPHY, ETC. NOTE
Bibliography, etc Includes bibliographies and index
650 ## - SUBJECT ADDED ENTRY--TOPICAL TERM
Topical Term Linguistics
942 ## - ADDED ENTRY ELEMENTS (KOHA)
Koha item type English Books
Holdings
Withdrawn status Lost status Damaged status Not for loan Home library Current library Shelving location Date acquired Full call number Accession Number Price effective from Koha item type
        Anna Centenary Library Anna Centenary Library 4TH FLOOR, B WING 21.12.2010 410.1 GAS 388436 05.05.2026 English Books

Find us on the map